[Event "Chile-ch Absolute 2018-19"]
[Site "Santiago"]
[Date "2019.02.21"]
[Round "2.2"]
[White "Cuevas Araya, Walter"]
[Black "Tapia Fuentes, Jaime"]
[Result "1/2-1/2"]
[WhiteElo "2187"]
[BlackElo "2259"]
[Annotator "NA"]
[PlyCount "157"]
[EventDate "2019.02.20"]
[EventType "tourn"]
[EventCountry "CHI"]
[SourceTitle "playchess.com"]
[Source "ChessBase"]
[SourceQuality "1"]
[TimeControl "5400+30"]

1. Nf3 {[%emt 0:00:00]} c5 {[%emt 0:00:05]} 2. g3 {[%emt 0:00:19]} Nf6 {[%emt 0:00:37]} 3. Bg2 {[%emt 0:00:11]} g6 {[%emt 0:00:21]} 4. c3 {[%emt 0:05:25]} Bg7 {[%emt 0:02:06]} 5. d4 {[%emt 0:00:13]} cxd4 {[%emt 0:00:53]} 6. cxd4 {[%emt 0:00:15]} d5 {[%emt 0:00:03]} 7. O-O {[%emt 0:00:13]} O-O {[%emt 0:01:39]} 8. Nc3 {[%emt 0:01:12]} Nc6 {[%emt 0:07:08]} 9. Ne5 {[%emt 0:01:43]} e6 {[%emt 0:01:04]} 10. f4 {[%emt 0:06:02]} Nd7 {[%emt 0:01:37]} 11. e3 {[%emt 0:04:24]} Nb6 {[%emt 0:00:43]} 12. b3 {[%emt 0:00:47]} Bd7 {[%emt 0:00:13]} 13. Ba3 {[%emt 0:01:11]} Re8 {[%emt 0:00:30]} 14. Rc1 {[%emt 0:04:44]} Ne7 {[%emt 0:10:53]} 15. Rf2 {[%emt 0:13:40]} Nf5 {[%emt 0:06:04]} 16. Qe1 {[%emt 0:00:00]} f6 {[%emt 0:01:14]} 17. Nf3 {[%emt 0:01:12]} Bc6 {[%emt 0:01:44]} 18. Re2 {[%emt 0:08:31]} Nd6 {[%emt 0:09:22]} 19. Qd2 {[%emt 0:08:30]} a5 {[%emt 0:01:12]} 20. Bxd6 {[%emt 0:09:24]} Qxd6 {[%emt 0:00:03]} 21. e4 {[%emt 0:00:05]} dxe4 {[%emt 0:08:25]} 22. Nxe4 {[%emt 0:00:35]} Qb4 {[%emt 0:09:05]} 23. Nc5 {[%emt 0:06:33]} Bd5 {[%emt 0:02:28]} 24. Rce1 {[%emt 0:06:25]} Kf7 {[%emt 0:04:41]} 25. Qd3 {[%emt 0:05:57]} Bf8 {[%emt 0:02:23]} 26. Qe3 {[%emt 0:02:49]} Rac8 {[%emt 0:01:50]} 27. Nd3 {[%emt 0:00:38]} Qd6 {[%emt 0:00:54]} 28. Nf2 {[%emt 0:01:27]} a4 {[%emt 0:02:46]} 29. Ne4 {[%emt 0:00:41]} Qb4 {[%emt 0:00:42]} 30. Nfd2 {[%emt 0:05:04]} Nd7 {[%emt 0:11:00]} 31. g4 {[%emt 0:00:21]} Bg7 {[%emt 0:00:56]} 32. a3 {[%emt 0:02:57]} Qxa3 {[%emt 0:02:33]} 33. bxa4 {[%emt 0:00:58]} Qxe3+ {[%emt 0:01:44]} 34. Rxe3 {[%emt 0:00:01]} Bf8 {[%emt 0:02:00]} 35. Rb1 {[%emt 0:00:33]} Rc2 {[%emt 0:00:46]} 36. Rc3 {[%emt 0:00:48]} Rc8 {[%emt 0:00:55]} 37. Rxc8 {[%emt 0:00:21]} Rxc8 {[%emt 0:00:01]} 38. Nf2 {[%emt 0:00:50]} Bxg2 {[%emt 0:01:11]} 39. Kxg2 {[%emt 0:00:01]} b6 {[%emt 0:00:27]} 40. Nf3 {[%emt 0:01:42]} Bd6 {[%emt 0:01:46]} 41. g5 {[%emt 0:01:05]} Bxf4 {[%emt 0:01:58]} 42. gxf6 {[%emt 0:00:02]} Kxf6 {[%emt 0:00:49]} 43. Ng4+ {[%emt 0:00:58]} Ke7 {[%emt 0:00:21]} 44. Nge5 {[%emt 0:01:40]} Rc2+ {[%emt 0:00:36]} 45. Kf1 {[%emt 0:00:34]} Be3 {[%emt 0:02:35]} 46. Ng4 {[%emt 0:00:50]} Rc1+ {[%emt 0:00:44]} 47. Rxc1 {[%emt 0:00:06]} Bxc1 {[%emt 0:00:01]} 48. Ke2 {[%emt 0:00:16]} Kd6 {[%emt 0:00:23]} 49. Kd3 {[%emt 0:00:13]} Kd5 {[%emt 0:01:04]} 50. h3 {[%emt 0:00:11]} Bf4 {[%emt 0:00:24]} 51. Nf2 {[%emt 0:01:06]} Nf6 {[%emt 0:00:47]} 52. Nd1 {[%emt 0:00:38]} Ne4 {[%emt 0:00:29]} 53. Ne1 {[%emt 0:00:12]} Ng5 {[%emt 0:01:38]} 54. Nc3+ {[%emt 0:00:53]} Kc6 {[%emt 0:00:07]} 55. h4 {[%emt 0:01:00]} Nf7 {[%emt 0:00:05]} 56. Ng2 {[%emt 0:00:27]} Bd6 {[%emt 0:00:40]} 57. Ne4 {[%emt 0:00:26]} Be7 {[%emt 0:00:15]} 58. Nf4 {[%emt 0:00:29]} e5 {[%emt 0:01:00]} 59. d5+ {[%emt 0:00:44]} Kd7 {[%emt 0:00:07]} 60. Ng2 {[%emt 0:00:18]} Nh6 {[%emt 0:00:58]} 61. Kc4 {[%emt 0:00:39]} Nf5 {[%emt 0:00:20]} 62. Kb5 {[%emt 0:00:09]} Kc7 {[%emt 0:00:12]} 63. Ng5 {[%emt 0:00:50]} Nd4+ {[%emt 0:00:30]} 64. Kc4 {[%emt 0:00:08]} Bxg5 {[%emt 0:00:28]} 65. hxg5 {[%emt 0:00:04]} Nf3 {[%emt 0:00:10]} 66. Kb5 {[%emt 0:00:17]} Nd4+ {[%emt 0:00:34]} 67. Kc4 {[%emt 0:00:03]} Nf3 {[%emt 0:00:03]} 68. Kb5 {[%emt 0:00:01]} Nxg5 {[%emt 0:00:15]} 69. d6+ {[%emt 0:00:16]} Kxd6 {[%emt 0:00:24]} 70. Kxb6 {[%emt 0:00:01]} Ne6 {[%emt 0:00:23]} 71. Ne3 {[%emt 0:01:04]} Nc5 {[%emt 0:01:32]} 72. a5 {[%emt 0:00:06]} h5 {[%emt 0:00:29]} 73. Nc4+ {[%emt 0:00:26]} Kd5 {[%emt 0:00:06]} 74. Ne3+ {[%emt 0:00:21]} Kd4 {[%emt 0:00:11]} 75. Nc2+ {[%emt 0:00:08]} Kd5 {[%emt 0:01:11]} 76. Ne3+ {[%emt 0:00:11]} Kd6 {[%emt 0:00:16]} 77. Nc4+ {[%emt 0:00:04]} Kd5 {[%emt 0:00:01]} 78. Ne3+ {[%emt 0:00:07]} Kd4 {[%emt 0:00:07]} 79. Nc2+ {[%emt 0:00:06]} 1/2-1/2

[Event "Chile-ch Absolute 2018-19"]
[Site "Santiago"]
[Date "2019.02.21"]
[Round "2.3"]
[White "Abarca Gonzalez, Nicolas"]
[Black "Olivares Olivares, Claudio"]
[Result "1/2-1/2"]
[WhiteElo "2418"]
[BlackElo "2387"]
[Annotator "TA"]
[PlyCount "93"]
[EventDate "2019.02.20"]
[EventType "tourn"]
[EventCountry "CHI"]
[SourceTitle "playchess.com"]
[Source "ChessBase"]
[SourceQuality "1"]

{[%evp 16,93,50,47,81,30,20,33,19,10,10,10,22,20,12,5,12,12,12,12,8,-12,33,25,30,25,55,34,53,27,23,8,11,11,47,15,31,4,63,27,31,16,26,24,23,23,121,30,25,14,16,16,39,16,66,16,22,0,0,0,16,16,35,31,29,17,17,0,31,0,0,0,21,0,0,0,33,0,77,0]} 1. Nf3 Nf6 2. g3 g6 3. b3 Bg7 4. Bb2 O-O 5. Bg2 c5 6. c4 Nc6 7. O-O d6 8. d4 Ne4 9. e3 Qa5 {E60: King's Indian: Unusual lines and Fianchetto Variation without Nc3} (9... f5 10. Nbd2 e5 11. dxe5 Nxd2 12. Qxd2 dxe5 13. Qd5+ Qxd5 14. cxd5 Nb4 15. Nxe5 Re8 16. Nc4 Bxb2 17. Nxb2 b6 18. a3 {1-0 (38) Wojtaszek,R (2736)-Sadzikowski,D (2584) Katowice 2017}) 10. a3 (10. Qc1 $16) 10... Bg4 $11 11. Qc2 $146 ({Predecessor:} 11. h3 Bxf3 12. Bxf3 Ng5 13. Bg2 cxd4 14. exd4 Qb6 15. Nc3 Qxd4 16. Qc2 Qc5 17. Rad1 {0-1 (41) Clari Mascarell,J (2206)-Torres Sanchez,J (2255) Aragon 2003}) 11... Bxf3 $1 {White is slightly better.} 12. Bxf3 Ng5 13. Bxc6 $1 bxc6 14. h4 Ne6 $1 {[%cal Rc5d4]} ({But not} 14... Nf3+ $6 15. Kg2 $16) 15. Bc3 Qb6 {[%cal Rc5d4]} 16. dxc5 Qxc5 17. Bxg7 Kxg7 18. Nd2 {[%cal Bb1d2,Bd2b3,Bb3d4][%mdl 32]} Kg8 19. b4 Qe5 20. Nb3 f5 21. Rae1 Qf6 22. f4 Ng7 23. c5 d5 24. Nd4 Rac8 25. Qb3 e6 26. Rc1 h6 (26... Rfe8 $11) 27. Nf3 Nh5 28. Kg2 Rf7 29. a4 Qe7 30. Qb2 Nf6 (30... a6 $11) 31. Qd4 ({White should try} 31. Ne5 $16) 31... Ne4 32. Qe5 Nf6 33. Rc2 Rg7 34. Rh1 Ne4 35. Rh3 Kf7 36. Nd4 Nf6 {[#] White must now prevent ...Ng4.} 37. Nf3 Rgg8 38. Rh1 Ne4 39. Qd4 Rg7 40. Rh3 Kg8 41. Qe5 Kf7 42. Nd4 Nf6 {[#] aiming for ...Ng4.} 43. Nf3 Ne4 44. Nd4 Nf6 {Strongly threatening ...Ng4.} 45. Nf3 Ne4 46. Rh1 Kg8 (46... Rgg8 $11) 47. Qd4 {Precision: White = 36%, Black = 50%.} (47. Nd4 $16) 1/2-1/2

[Event "Chile-ch Absolute 2018-19"]
[Site "Santiago"]
[Date "2019.02.21"]
[Round "2.4"]
[White "Lopez Silva, Hugo"]
[Black "Garcia Cardenas, Pablo"]
[Result "1-0"]
[WhiteElo "2413"]
[BlackElo "2449"]
[Annotator "TA"]
[PlyCount "93"]
[EventDate "2019.02.20"]
[EventType "tourn"]
[EventCountry "CHI"]
[SourceTitle "playchess.com"]
[Source "ChessBase"]
[SourceQuality "1"]

{[%evp 21,93,16,6,12,0,2,17,8,14,0,2,8,10,0,0,0,0,0,0,0,49,0,0,0,0,0,0,11,8,0,63,20,30,27,29,23,102,104,140,128,166,166,174,135,148,144,168,148,188,153,155,143,151,148,152,156,203,196,231,253,240,229,438,404,589,573,29978,29979,29978,29961,5389,0,5406,5385]} 1. e4 e5 2. Nf3 Nc6 3. Bc4 Bc5 4. c3 Nf6 5. d3 d6 6. Nbd2 a6 7. Bb3 O-O 8. O-O Ba7 9. h3 h6 10. Re1 Be6 11. Bc2 Re8 12. Nf1 {C54: Giuoco Piano: 4 c3 Nf6, main lines with 5 d4 and 5 d3} d5 13. exd5 Bxd5 14. Ng3 {The position is equal.} Qd7 (14... Bc5 15. b4 Bf8 16. a4 b5 17. Bd2 Qd7 18. axb5 axb5 19. Rxa8 Rxa8 20. Nxe5 Nxe5 21. Rxe5 {1-0 (59) Amin,B (2710)-Fedoseev,V (2719) St Petersburg 2018}) 15. Be3 (15. b4 {with more complications.} b5 16. a4 Rad8 17. Be3 Bb6 18. Ne4) 15... Bxe3 16. Rxe3 Rad8 17. Qe2 {[%cal Rf3e5]} Qd6 18. Re1 g6 $146 ({Predecessor:} 18... Nd7 19. d4 Bxf3 20. Qxf3 {1-0 (29) Praggnanandhaa,R (2487)-Mingarro Carceller,S (2319) Barcelona 2017}) 19. a3 Kg7 20. Nd2 ({Don't go for} 20. Nxe5 $2 Rxe5 21. Rxe5 Nxe5 $19) 20... Qd7 21. Qf1 Be6 22. Nf3 Nd5 23. Re4 f6 24. d4 exd4 25. Nxd4 Bf7 (25... Nxd4 $11 26. Rxd4 c5) 26. Nf3 f5 27. Rxe8 Rxe8 28. Rd1 {aiming for c4.} Qe7 {[#]} (28... f4 $11) 29. Bxf5 $1 $16 {[%mdl 512]} Nb6 (29... gxf5 30. Nxf5+) 30. Re1 $36 {[%mdl 2048] Keeping Black busy.} Qd6 31. Rxe8 Bxe8 32. Qe2 Bf7 33. Be4 Bc4 34. Qe3 Bd5 35. Nh4 Bxe4 36. Qxe4 Qf6 37. Nf3 Qe7 38. Qg4 {[#] Black must now prevent Nf5+.} Kh7 39. h4 {[%cal Bh3h4,Bh4h5][%mdl 32]} Ne5 40. Nxe5 Qxe5 41. h5 g5 $2 (41... gxh5 42. Nxh5 c6) 42. Qf3 $18 Qd5 (42... Nd5 {was worth a try.} 43. Qf7+ Kh8) 43. Qf6 Qd6 44. Qf7+ Kh8 45. Qe8+ Kh7 46. Qf7+ Kh8 47. Nf5 {Precision: White = 63%, Black = 37%.} 1-0

[Event "Chile-ch Absolute 2018-19"]
[Site "Santiago"]
[Date "2019.02.21"]
[Round "2.5"]
[White "Salinas Herrera, Pablo"]
[Black "Vergara Jofre, Felipe"]
[Result "1/2-1/2"]
[WhiteElo "2477"]
[BlackElo "2265"]
[Annotator "TA"]
[PlyCount "67"]
[EventDate "2019.02.20"]
[EventType "tourn"]
[EventCountry "CHI"]
[SourceTitle "playchess.com"]
[Source "ChessBase"]
[SourceQuality "1"]

{[%evp 9,67,54,52,16,24,20,24,8,40,36,129,106,170,164,176,156,188,111,122,93,87,90,99,83,125,118,114,86,88,68,66,76,64,39,31,39,33,31,31,6,4,0,0,-7,0,0,0,-31,-41,-61,-59,-68,-70,-80,-54,-61,0,-81,0,-70]} 1. Nf3 Nf6 2. b3 b6 3. g3 (3. Bb2 Bb7 4. g3 g6 5. Bg2 Bg7 6. d4 O-O 7. c4 c5 8. dxc5 bxc5 9. O-O d6 10. Qc2 Nbd7 11. Nc3 Rb8 12. Rab1 a6 13. Rfd1 Qc7 14. Rd2 Rfe8 15. e4 Rbd8 16. Nd5 Nxd5 17. exd5 {1-0 (51) Nakamura,H (2746)-Duda,J (2738) St Petersburg 2018}) 3... Bb7 4. Bg2 e5 5. O-O e4 6. Ne1 {A05: Réti Opening: 1 Nf3 Nf6} d5 7. d3 Bd6 8. Bb2 {White has an edge.} Qe7 $146 ({Predecessor:} 8... O-O 9. e3 Nbd7 10. c4 dxc4 11. bxc4 {0-1 (33) Rouneau,M-Marciano,D (2335) Val Thorens 1990}) 9. c4 e3 {[#]} (9... Be5 $14 10. Nc3 dxc4) 10. Bxf6 $1 $16 exf2+ (10... Qxf6 $16 11. d4 c6) 11. Rxf2 $18 gxf6 12. Nc3 ({Don't take} 12. cxd5 $6 h5 $16) 12... h5 {[#]} 13. Nxd5 (13. e4 $1 $18) 13... Bxd5 $16 14. Bxd5 c6 15. Bg2 {Black must now prevent Nf3.} h4 16. gxh4 Nd7 17. d4 O-O-O 18. Qd3 {Hoping for Qf3.} Rxh4 19. Qf3 Bxh2+ 20. Kf1 Qd6 {With the idea ...Bg3.} 21. Qxc6+ (21. e3 {looks sharper.} Bg3 22. Re2 Rg8 23. Qxc6+ Qxc6 24. Bxc6 f5 25. Bxd7+ Kxd7 26. Rg2) 21... Qxc6 22. Bxc6 {Threatens to win with Nf3.} Bg3 23. Rf5 Rxd4 24. Bxd7+ (24. Nf3 {is more complex.} Rd6 25. Bd5 Ne5 26. Rd1 Rh8 27. Kg2) 24... Kxd7 25. Nd3 Ke6 26. Rh5 Rg8 27. Rd1 Rdg4 28. Kg2 Be5+ 29. Kh1 Re4 30. Re1 Rg3 {...Rxd3! is the strong threat.} 31. Nf2 Rf4 32. Nd3 Re4 {Strongly threatening ...Rxd3!} 33. Nf2 $1 {[%cal Rf2e4]} Rf4 34. Nd3 {Accuracy: White = 74%, Black = 54%.} 1/2-1/2

[Event "Chile-ch Absolute 2018-19"]
[Site "Santiago"]
[Date "2019.02.21"]
[Round "2.6"]
[White "Henriquez Villagra, Cristobal"]
[Black "Torres Bravo, Cristobal"]
[Result "1-0"]
[WhiteElo "2508"]
[BlackElo "2347"]
[Annotator "TA"]
[PlyCount "47"]
[EventDate "2019.02.20"]
[EventType "tourn"]
[EventCountry "CHI"]
[SourceTitle "playchess.com"]
[Source "ChessBase"]
[SourceQuality "1"]

{[%evp 9,47,14,42,41,39,46,39,46,46,35,57,45,68,58,127,131,125,129,167,164,166,147,219,235,231,224,353,289,477,495,611,582,1593,1484,1462,1186,1447,1452,29997,29998]} 1. e4 c5 2. Nc3 Nc6 3. Nge2 e6 4. d4 cxd4 5. Nxd4 Qc7 6. Qd3 {B47: Sicilian: Taimanov: 5 Nc3 Qc7 6 f4, 6 g3 and 6 Be2} (6. g3 a6 7. Bg2 Nf6 8. O-O d6 9. Nxc6 bxc6 10. Na4 Rb8 11. c4 c5 12. b3 Be7 13. Bb2 O-O 14. Qe1 Nd7 15. Rd1 Bb7 16. Qc3 Bf6 17. Qd2 Be7 18. Qc3 {1-0 (40) Carlsen,M (2835)-Rapport,R (2731) Wijk aan Zee 2019}) 6... a6 7. Nxc6 dxc6 8. Qg3 {White is slightly better.} Qxg3 9. hxg3 Bb4 10. e5 $146 ({Predecessor:} 10. Bd2 Nf6 11. Bd3 e5 12. Na4 Bxd2+ 13. Kxd2 O-O {1-0 (48) Bolivar,J (2124)-Torres,J Risarald 2009}) 10... Ne7 11. Bd2 f5 (11... h6 $14) 12. exf6 $16 gxf6 13. O-O-O Ng6 14. Bd3 Kf7 15. Na4 Be7 (15... Bxd2+ $16 {is a better defense.} 16. Rxd2 Rb8) 16. Nb6 $18 Rb8 17. Be3 f5 (17... e5 $142 18. Nxc8 Rbxc8 19. Bc4+ Ke8) 18. Bc4 c5 $2 {[#]} (18... h5 {keeps fighting.} 19. Kb1 Bf6) 19. Rh5 Kf6 20. Bd2 e5 21. Nd5+ Kf7 22. Nxe7+ Kxe7 {[#]} 23. Rxh7+ $1 {[%mdl 512]} Rxh7 24. Bg5+ {Accuracy: White = 83%, Black = 21%.} 1-0

[Event "Chile-ch Absolute 2018-19"]
[Site "Santiago"]
[Date "2019.02.22"]
[Round "3.1"]
[White "Torres Bravo, Cristobal"]
[Black "Gasic Merino, Franco"]
[Result "1-0"]
[WhiteElo "2347"]
[BlackElo "2189"]
[Annotator "NA"]
[PlyCount "159"]
[EventDate "2019.02.20"]
[EventType "tourn"]
[EventCountry "CHI"]
[SourceTitle "playchess.com"]
[Source "ChessBase"]
[SourceQuality "1"]
[TimeControl "5400+30"]

1. d4 {[%emt 0:00:00]} Nf6 {[%emt 0:00:00]} 2. c4 {[%emt 0:00:36]} g6 {[%emt 0:00:09]} 3. Nc3 {[%emt 0:00:00]} Bg7 {[%emt 0:00:00]} 4. e4 {[%emt 0:00:10]} d6 {[%emt 0:00:00]} 5. h3 {[%emt 0:00:10]} Nbd7 {[%emt 0:01:46]} 6. Be3 {[%emt 0:00:59]} e5 {[%emt 0:01:04]} 7. d5 {[%emt 0:01:04]} Nc5 {[%emt 0:00:59]} 8. Qc2 {[%emt 0:00:57]} Nh5 {[%emt 0:01:06]} 9. b4 {[%emt 0:04:16]} Nd7 {[%emt 0:00:20]} 10. Be2 {[%emt 0:00:29]} Nf4 {[%emt 0:01:29]} 11. Bf3 {[%emt 0:00:11]} a5 {[%emt 0:00:22]} 12. b5 {[%emt 0:03:50]} Nc5 {[%emt 0:02:02]} 13. Bxc5 {[%emt 0:07:37]} dxc5 {[%emt 0:00:06]} 14. g3 {[%emt 0:00:15]} Nh5 {[%emt 0:00:48]} 15. Bxh5 {[%emt 0:00:05]} gxh5 {[%emt 0:00:08]} 16. Nf3 {[%emt 0:06:50]} O-O {[%emt 0:31:20]} 17. Nh4 {[%emt 0:08:03]} Qg5 {[%emt 0:00:50]} 18. Qc1 {[%emt 0:12:40]} Qf6 {[%emt 0:02:15]} 19. Qe3 {[%emt 0:01:58]} b6 {[%emt 0:00:45]} 20. Rd1 {[%emt 0:01:11]} Rd8 {[%emt 0:04:24]} 21. Qe2 {[%emt 0:06:24]} Qg5 {[%emt 0:01:06]} 22. Rd3 {[%emt 0:06:26]} Rd6 {[%emt 0:05:11]} 23. Qd2 {[%emt 0:01:38]} Qxd2+ {[%emt 0:15:46]} 24. Kxd2 {[%emt 0:00:13]} Rf6 {[%emt 0:00:36]} 25. Ke2 {[%emt 0:00:53]} Bd7 {[%emt 0:01:03]} 26. Rf3 {[%emt 0:02:21]} Re8 {[%emt 0:03:27]} 27. Rxf6 {[%emt 0:06:28]} Bxf6 {[%emt 0:00:01]} 28. Ng2 {[%emt 0:00:08]} Kg7 {[%emt 0:04:00]} 29. h4 {[%emt 0:01:28]} Kg6 {[%emt 0:01:29]} 30. Ne3 {[%emt 0:01:21]} Be7 {[%emt 0:05:06]} 31. f4 {[%emt 0:03:54]} Bg4+ {[%emt 0:06:35]} 32. Kd3 {[%emt 0:07:12]} Bd6 {[%emt 0:01:04]} 33. Rf1 {[%emt 0:01:14]} f6 {[%emt 0:04:34]} 34. Nf5 {[%emt 0:02:54]} exf4 {[%emt 0:01:00]} 35. Nxd6 {[%emt 0:00:34]} cxd6 {[%emt 0:00:14]} 36. gxf4 {[%emt 0:03:29]} f5 {[%emt 0:00:38]} 37. Rg1 {[%emt 0:04:09]} Kf7 {[%emt 0:00:40]} 38. exf5 {[%emt 0:00:33]} Bxf5+ {[%emt 0:00:01]} 39. Kd2 {[%emt 0:00:09]} h6 {[%emt 0:01:50]} 40. Rg3 {[%emt 0:01:39]} Kf6 {[%emt 0:02:29]} 41. Re3 {[%emt 0:01:49]} Rg8 {[%emt 0:00:02]} 42. Na4 {[%emt 0:01:01]} Rb8 {[%emt 0:00:32]} 43. Re1 {[%emt 0:01:09]} Kf7 {[%emt 0:01:00]} 44. Rc1 {[%emt 0:00:42]} Kf6 {[%emt 0:00:17]} 45. Ke3 {[%emt 0:01:11]} Re8+ {[%emt 0:00:33]} 46. Kf2 {[%emt 0:00:47]} Rb8 {[%emt 0:00:22]} 47. Re1 {[%emt 0:00:07]} Kf7 {[%emt 0:00:06]} 48. Re3 {[%emt 0:00:33]} Kf6 {[%emt 0:00:12]} 49. Nc3 {[%emt 0:00:05]} Rg8 {[%emt 0:00:17]} 50. Ne4+ {[%emt 0:00:33]} Bxe4 {[%emt 0:00:09]} 51. Rxe4 {[%emt 0:00:04]} Kf5 {[%emt 0:01:22]} 52. Re6 {[%emt 0:00:44]} Rg6 {[%emt 0:00:02]} 53. Kf3 {[%emt 0:01:10]} Rg4 {[%emt 0:02:29]} 54. Rxd6 {[%emt 0:00:30]} Rxf4+ {[%emt 0:00:02]} 55. Kg3 {[%emt 0:00:26]} Rg4+ {[%emt 0:00:29]} 56. Kf3 {[%emt 0:01:25]} Rf4+ {[%emt 0:00:45]} 57. Ke3 {[%emt 0:00:08]} Rxc4 {[%emt 0:01:10]} 58. Rxh6 {[%emt 0:00:29]} Rxh4 {[%emt 0:01:04]} 59. Rxb6 {[%emt 0:00:29]} Re4+ {[%emt 0:00:32]} 60. Kd3 {[%emt 0:00:48]} Rd4+ {[%emt 0:00:16]} 61. Kc3 {[%emt 0:00:04]} h4 {[%emt 0:01:06]} 62. Rh6 {[%emt 0:00:29]} Kg5 {[%emt 0:00:02]} 63. Rh8 {[%emt 0:00:23]} Rxd5 {[%emt 0:00:31]} 64. b6 {[%emt 0:00:21]} Rd7 {[%emt 0:01:03]} 65. Kc4 {[%emt 0:00:11]} Kg4 {[%emt 0:00:44]} 66. Kxc5 {[%emt 0:00:07]} h3 {[%emt 0:00:30]} 67. a4 {[%emt 0:00:33]} Kg3 {[%emt 0:00:33]} 68. Kc6 {[%emt 0:00:15]} Rd2 {[%emt 0:00:35]} 69. b7 {[%emt 0:00:23]} Rc2+ {[%emt 0:00:02]} 70. Kb6 {[%emt 0:00:55]} Rb2+ {[%emt 0:00:18]} 71. Ka7 {[%emt 0:00:05]} h2 {[%emt 0:00:54]} 72. b8=Q+ {[%emt 0:00:06]} Rxb8 {[%emt 0:00:05]} 73. Kxb8 {[%emt 0:00:06]} Kg2 {[%emt 0:00:05]} 74. Kb7 {[%emt 0:00:07]} h1=Q {[%emt 0:00:06]} 75. Rxh1 {[%emt 0:00:07]} Kxh1 {[%emt 0:00:01]} 76. Kb6 {[%emt 0:00:05]} Kg2 {[%emt 0:00:03]} 77. Kxa5 {[%emt 0:00:06]} Kf3 {[%emt 0:00:02]} 78. Kb6 {[%emt 0:00:07]} Ke4 {[%emt 0:00:05]} 79. a5 {[%emt 0:00:03]} Kd5 {[%emt 0:00:09]} 80. a6 {[%emt 0:00:06]} 1-0

[Event "Chile-ch Absolute 2018-19"]
[Site "Santiago"]
[Date "2019.02.22"]
[Round "3.2"]
[White "Vergara Jofre, Felipe"]
[Black "Henriquez Villagra, Cristobal"]
[Result "0-1"]
[WhiteElo "2265"]
[BlackElo "2508"]
[Annotator "RC"]
[PlyCount "84"]
[EventDate "2019.02.20"]
[EventType "tourn"]
[EventCountry "CHI"]
[SourceTitle "playchess.com"]
[Source "ChessBase"]
[SourceQuality "1"]
[TimeControl "5400+30"]

1. e4 {[%emt 0:01:06]} g6 {[%emt 0:00:00]} 2. d4 {[%emt 0:00:17]} Bg7 {[%emt 0:00:00]} 3. Bc4 {[%emt 0:03:39]} d6 {[%emt 0:01:49]} 4. Nf3 {[%emt 0:01:52]} Nf6 {[%emt 0:00:26]} 5. Qe2 {[%emt 0:01:42]} c6 {[%emt 0:05:13]} 6. e5 {[%emt 0:03:30]} Nd5 {[%emt 0:04:25]} 7. h3 {[%emt 0:07:40]} O-O {[%emt 0:05:42]} 8. O-O {[%emt 0:00:52]} Nb6 {[%emt 0:08:51]} 9. Bb3 {[%emt 0:07:18]} Na6 {[%emt 0:04:39]} 10. Rd1 {[%emt 0:06:43]} Nc7 {[%emt 0:01:43]} 11. Bg5 {[%emt 0:07:53]} d5 {[%emt 0:10:04]} 12. Nbd2 {[%emt 0:06:03]} h6 {[%emt 0:01:11]} 13. Bh4 {[%emt 0:01:44]} f5 {[%emt 0:01:16]} 14. Bg3 {[%emt 0:08:31]} g5 {[%emt 0:02:56]} 15. a4 {[%emt 0:03:41]} f4 {[%emt 0:01:24]} 16. Bh2 {[%emt 0:00:05]} Bf5 {[%emt 0:00:40]} 17. a5 {[%emt 0:02:23]} Nc8 {[%emt 0:00:21]} 18. Ne1 {[%emt 0:08:46]} e6 {[%emt 0:01:17]} 19. c3 {[%emt 0:02:13]} Ne7 {[%emt 0:01:49]} 20. Bc2 {[%emt 0:00:45]} Bxc2 {[%emt 0:00:27]} 21. Nxc2 {[%emt 0:00:02]} Qe8 {[%emt 0:00:06]} 22. g3 {[%emt 0:07:56]} Qg6 {[%emt 0:04:29]} 23. Nb4 {[%emt 0:02:31]} Qf5 {[%emt 0:04:44]} 24. gxf4 {[%emt 0:06:31]} Qxh3 {[%emt 0:00:55]} 25. fxg5 {[%emt 0:01:25]} Rf5 {[%emt 0:00:39]} 26. Kh1 {[%emt 0:02:28]} Raf8 {[%emt 0:01:11]} 27. Nd3 {[%emt 0:01:05]} hxg5 {[%emt 0:00:05]} 28. Rg1 {[%emt 0:01:15]} c5 {[%emt 0:02:04]} 29. Rg3 {[%emt 0:02:00]} Qh7 {[%emt 0:01:00]} 30. Rag1 {[%emt 0:00:33]} c4 {[%emt 0:00:21]} 31. Rxg5 {[%emt 0:02:13]} Rxg5 {[%emt 0:00:05]} 32. Rxg5 {[%emt 0:00:01]} cxd3 {[%emt 0:00:13]} 33. Qe3 {[%emt 0:01:11]} Rf5 {[%emt 0:00:12]} 34. f4 {[%emt 0:00:33]} Rxg5 {[%emt 0:01:14]} 35. fxg5 {[%emt 0:00:01]} Qf5 {[%emt 0:00:10]} 36. Kg2 {[%emt 0:00:53]} Ng6 {[%emt 0:00:05]} 37. Bg3 {[%emt 0:00:20]} Bf8 {[%emt 0:00:04]} 38. Nf3 {[%emt 0:00:31]} Be7 {[%emt 0:00:22]} 39. Ne1 {[%emt 0:00:44]} Qg4 {[%emt 0:01:45]} 40. Nxd3 {[%emt 0:00:31]} Bxg5 {[%emt 0:00:51]} 41. Qf2 {[%emt 0:00:19]} Ne8 {[%emt 0:00:31]} 42. Nc5 {[%emt 0:00:29]} Ng7 {[%emt 0:00:37]} 0-1

[Event "Chile-ch Absolute 2018-19"]
[Site "Santiago"]
[Date "2019.02.22"]
[Round "3.3"]
[White "Garcia Cardenas, Pablo"]
[Black "Salinas Herrera, Pablo"]
[Result "1/2-1/2"]
[WhiteElo "2449"]
[BlackElo "2477"]
[Annotator "TA"]
[PlyCount "58"]
[EventDate "2019.02.20"]
[EventType "tourn"]
[EventCountry "CHI"]
[SourceTitle "playchess.com"]
[Source "ChessBase"]
[SourceQuality "1"]

{[%evp 16,58,12,16,15,0,0,0,0,0,0,0,0,0,4,0,7,15,15,7,29,8,12,0,37,0,0,0,0,0,0,0,0,0,0,0,0,0,0,0,0,0,0,0,0]} 1. d4 d5 2. c4 dxc4 3. e3 e5 4. Bxc4 exd4 5. exd4 Bd6 6. Nf3 Nf6 7. O-O O-O 8. Bg5 Nc6 9. Nc3 h6 {D20: Queen's Gambit Accepted: 3 e3 and 3 e4} 10. Bxf6 (10. Bh4 Bg4 11. h3 Bxf3 12. Qxf3 Nxd4 13. Qxb7 Nf5 14. Bxf6 Qxf6 15. Ne4 Qe5 16. Nxd6 Nxd6 17. Qc6 Qxb2 {0-1 (69) Ramirez Alvarez,A (2550)-Nyzhnyk,I (2610) Saint Louis 2017}) 10... Qxf6 11. Ne4 Qf4 12. Nxd6 Qxd6 13. d5 Ne7 14. Rc1 $146 ({Predecessor:} 14. Re1 Rd8 15. Rc1 Bg4 16. Qb3 Ng6 17. h3 Bxf3 18. Qxf3 {0-1 (47) Kern,M-Thelen,A Germany 1996}) 14... Rb8 15. Bb3 Bg4 16. h3 Bxf3 17. Qxf3 Rfd8 18. Rfd1 Rd7 19. Rc3 Kf8 20. g3 Ng8 {[%cal Be7g8,Bg8f6,Bf6e4][%mdl 32] The position is equal.} 21. Qe3 Ra8 $1 22. Qd3 Nf6 23. Qb5 Qb6 24. Qc5+ Qxc5 25. Rxc5 Ne4 26. Rc2 Nd6 27. Rdc1 Rc8 28. Kg2 Re7 29. Ba4 a6 {Accuracy: White = 71%, Black = 74%.} 1/2-1/2